Представление документа в формате MARC21

Поле Инд. ПП Название Значение
Тип записи a
Библиографический уровень m
001 Контрольный номер RU/LIBMSTU/444824562
005 Дата корректировки 20200415153947.6
008 Кодируемые данные 140205|||||||||ru |||||||||||000|||rus||
020 a ISBN 978-5-4222-0190-7
040 b Код языка каталог. rus
041 0_ a Код языка текста rus
084 a Индекс другой классификации/Индекс ББК 60.54+60.52
090 a Полочн. индекс 60.5
x Авторский знак У 81
245 10 a Заглавие Устойчивое социальное развитие северных территорий России: опыт, проблемы, перспективы
b Продолж. заглавия сб. материалов межрегион. науч.-практ. конф. (7-9 нояб. 2013 г.)
c Ответственность отв. ред. В. Р. Цылев; М-во образования и науки Рос. Федерации, Мурман. гос. гуманитар. ун-т [и др.]
260 a Место издания Мурманск
b Издательство Изд-во МГГУ
c Дата издания 2013
300 a Объем 347 с.
b Иллюстрации/ тип воспроизводства ил.
504 a Библиография Библиогр. в тексте
583 x Служебное примечание Арктические исследования
x Служебное примечание Краеведческий каталог
650 04 a Основная рубрика Социология-Устойчивое развитие-Мурманская область-Материалы конференций
651 _4 a Географическое наименование Арктика
651 _4 a Географическое наименование Мурманская область
653 0_ a Ключевые слова Демографические проблемы Кольского Севера; Демография; Здоровье населения; Исследования арктические; История Кольского Севера; Конференции научно-практические; Материалы конференций; Местное самоуправление саамов;Проблемы социально-экономические; Саамы; Социальное развитие Севера; Угрозы экологические
700 12 a Другие авторы Цылев В. Р.
e Роль лиц ред.
901 t Тип документа m